Computer Studies (Record no. 2646)
[ view plain ]
| 000 -LEADER | |
|---|---|
| fixed length control field | 00393nam a22001697a 4500 |
| 020 ## - ISBN | |
| International Standard Book Number | 9966802126 |
| 050 ## - LIBRARY OF CONGRESS CALL NUMBER | |
| Classification Number | QA76.3 |
| Item Number | .O69 |
| 100 ## - MAIN ENTRY--Author | |
| Personal name | Onunga, John |
| 245 ## - TITLE | |
| Title | Computer Studies |
| 250 ## - EDITIONSTATEMENT | |
| Edition statement | 4th Edition Book Four |
| 260 ## - PUBLICATION, DISTRIBUTION, ETC.(IMPRINT) | |
| Place of publication, distribution, etc | Nairobi |
| Name of publisher, distributor, etc | Marwa Publishers Ltd |
| Date of publication, distribution, etc | 2005 |
| 300 ## - PHYSICAL DESCRIPTION | |
| Extent | 169p. |
| 500 ## - GENERALNOTE | |
| General note | Includes Index |
| 650 ## - SUBJECT--TOPIC | |
| Topical term following geographic name as entry element | Computer Studies |
| 700 ## - ADDED ENTRY--PERSONAL AUTHOR | |
| Personal Name | Renu Shah |
| 942 ## - ADDED ENTRY ELEMENTS(KOHA) | |
| Koha item type | General circulation |
| Source of classification or shelving scheme | Not for loan | Location (home branch) | Sublocation (holding branch) | Date accessioned | Cost, normal purchase price | Serial Enumeration / chronology | Full call number | Barcode | Cost, replacement price | Nonpublic note | Koha item type | Public note | Source of acquisition |
|---|---|---|---|---|---|---|---|---|---|---|---|---|---|
| Library of Congress Classification | Main Campus Library | Main Campus Library | 02/09/2014 | 687.00 | Book Four | QA76.3 .O69 | 2019/022130 | 1187.00 | BONNIE | General circulation | BONNIE | ||
| Library of Congress Classification | Wote Campus Library | Wote Campus Library | 28/04/2016 | 687.00 | BOOK 4 | [WTE] QA 76 .O69 | 2024/027815 | 1187.00 | General circulation | jm | Purchase |